Catch-22

Đã lưu trong:
書目詳細資料
主要作者: Joseph Heller
格式: 圖書
語言:Undetermined
出版: London Everyman's Library 1995
主題:
標簽: 添加標簽
沒有標簽, 成為第一個標記此記錄!
Thư viện lưu trữ: Trung tâm Học liệu Trường Đại học Cần Thơ
LEADER 00503nam a2200181Ia 4500
001 CTU_33918
008 210402s9999 xx 000 0 und d
082 |a 813.5 
082 |b H477 
100 |a Joseph Heller 
245 0 |a Catch-22 
245 0 |c Joseph Heller 
260 |a London 
260 |b Everyman's Library 
260 |c 1995 
650 |a american fiction - 20th century,american literature - 20th century 
904 |i Minh, 991117 
980 |a Trung tâm Học liệu Trường Đại học Cần Thơ